| 000 | 00926nam a22002057a 4500 | ||
|---|---|---|---|
| 999 |
_c2697 _d2697 |
||
| 003 | AR-CdUCM | ||
| 008 | 190305b ||||| |||| 00| 0 spa d | ||
| 040 |
_aMUNICIPALIDAD PROVINCIAL DEL CUSCO _cBIBLIOTECA MUNICIPAL DEL CUSCO |
||
| 082 |
_a338 / _bB85 |
||
| 100 |
_a Bryce, Murray D _99460 |
||
| 245 |
_aDesarrollo industrial : _bguía para acelerar el crecimiento económico / |
||
| 260 |
_a New York : _bMcGraw-Hill, _c1961. |
||
| 300 |
_a294 páginas ; _c23 cm. |
||
| 505 | _aContenido: Iniciación a la industrialización de una economía en vias de desarrollo -- Bases para un desarrollo industrial correcto -- El desarrollo de proyectos industriales -- Iniciación del proyecto -- Financiación de proyectos industriales -- Dónde buscar financiación ... | ||
| 650 |
_aProyectos industriales _99461 |
||
| 650 |
_aIndustrias _94471 |
||
| 650 |
_aFinanciamiento industrial _99462 |
||
| 942 |
_2ddc _cLIBROS |
||
| 945 | _azta | ||